[Event "4NCL Division 4 South"]
[Site "Reading, ENG"]
[Date "2016.11.27"]
[Round "2.83"]
[White "Jaufarally, Nadia"]
[Black "Foster, Timothy"]
[Result "1-0"]
[WhiteElo "1638"]
[BlackElo "1883"]
[PlyCount "99"]
[EventDate "2016.11.27"]
[WhiteTeam "D&D Utd"]
[BlackTeam "Oxford 3"]

1. d4 Nf6 2. Bf4 g6 3. h3 Bg7 4. Nf3 d6 5. e3 O-O 6. c4 c5 7. Be2 Nbd7 8. O-O
b6 9. Nc3 Bb7 10. a4 a5 11. Qc2 Nh5 12. Bh2 e5 13. dxe5 dxe5 14. g4 Nhf6 15.
Nxe5 Re8 16. Bf3 Nxe5 17. Bxb7 Ra7 18. Bg2 Qd3 19. Qxd3 Nxd3 20. Rab1 Ne5 21.
b3 Rae7 22. Nd5 Nxd5 23. Bxd5 Rd8 24. Rbd1 Rde8 25. f4 Nxg4 26. hxg4 Rxe3 27.
Rf3 Bd4 28. Kg2 Re2+ 29. Kg3 g5 30. Bg1 gxf4+ 31. Rxf4 Be5 32. Bxf7+ Kf8 33.
Bxe8+ Bxf4+ 34. Kxf4 Kxe8 35. Rd3 Rb2 36. Kg5 Kf7 37. Rh3 Kg7 38. Bh2 Re2 39.
Bc7 Re6 40. Bd8 Re5+ 41. Kf4 Re6 42. Kf5 Rd6 43. Be7 Rd1 44. Kg5 Re1 45. Bf6+
Kg8 46. Rd3 Rf1 47. Rd8+ Kf7 48. Rd7+ Kg8 49. Rg7+ Kf8 50. Rxh7 1-0

[Event "4NCL Division 4 South"]
[Site "Reading, ENG"]
[Date "2016.11.27"]
[Round "2.84"]
[White "Neatherway, A Philip"]
[Black "Sheikh, Anum"]
[Result "1-0"]
[WhiteElo "1836"]
[BlackElo "1479"]
[PlyCount "95"]
[EventDate "2016.11.27"]
[WhiteTeam "Oxford 3"]
[BlackTeam "D&D Utd"]

1. b3 Nf6 2. Bb2 d6 3. e3 e5 4. c4 Nc6 5. Nc3 Bf5 6. d3 Be7 7. Nf3 O-O 8. Be2
e4 9. dxe4 Nxe4 10. Nd5 Nf6 11. Nxe7+ Qxe7 12. O-O Rad8 13. Qc1 Nb4 14. Qc3 d5
15. a3 Nc6 16. cxd5 Rxd5 17. Bc4 Rdd8 18. Rac1 Be4 19. Be2 h6 20. b4 a6 21. Nd2
Bd5 22. Bf3 Bxf3 23. Nxf3 Rfe8 24. h3 Qf8 25. Rfd1 Ne4 26. Qc2 Qe7 27. Nd4 Nxd4
28. Bxd4 c6 29. Qb2 f5 30. Bb6 Rd7 31. Qb3+ Kh8 32. Rxd7 Qxd7 33. Rd1 Qe7 34.
Qd3 g6 35. Qd7 Kh7 36. f3 Ng5 37. Bc5 Qf7 38. h4 Nxf3+ 39. gxf3 Kg8 40. Qxf7+
Kxf7 41. Rd7+ Kg8 42. Rxb7 g5 43. hxg5 hxg5 44. Bd4 f4 45. Kf2 Kf8 46. exf4
gxf4 47. Bc5+ Kg8 48. Ra7 1-0

[Event "4NCL Division 4 South"]
[Site "Reading, ENG"]
[Date "2016.11.27"]
[Round "2.85"]
[White "Jaufarally, Mohammud"]
[Black "Henbest, Kevin B"]
[Result "0-1"]
[WhiteElo "1480"]
[BlackElo "1673"]
[PlyCount "90"]
[EventDate "2016.11.27"]
[WhiteTeam "D&D Utd"]
[BlackTeam "Oxford 3"]

1. d4 Nf6 2. Nf3 g6 3. h3 Bg7 4. Bf4 d6 5. e3 Nbd7 6. Bd3 c5 7. c3 Qa5 8. Nbd2
b5 9. a3 c4 10. Bc2 Bb7 11. O-O O-O 12. e4 Nh5 13. Bh2 e5 14. dxe5 Nxe5 15. g4
Nxf3+ 16. Nxf3 Nf6 17. Re1 Rfe8 18. Nd2 Rad8 19. g5 Nh5 20. Qg4 Bxc3 21. bxc3
Qxc3 22. Qd1 Qxh3 23. Qf3 Qd7 24. Re3 Rc8 25. Qh3 Qd8 26. Qh4 Rc5 27. Nf3 d5
28. Rd1 Qa8 29. exd5 Rxe3 30. fxe3 Rxd5 31. Rxd5 Bxd5 32. Nd4 a6 33. e4 Bb7 34.
Ne2 Qf8 35. Qh3 Qe7 36. Qe3 Ng7 37. Nd4 Nf5 38. Nxf5 gxf5 39. e5 Qe6 40. Bf4
Qd5 41. Qg3 Qd4+ 42. Kh2 Qd5 43. Qg1 Qf3 44. Bc1 Qe2+ 45. Kh3 Qxc2 0-1

[Event "4NCL Division 4 South"]
[Site "Reading, ENG"]
[Date "2016.11.27"]
[Round "2.86"]
[White "Langham, Rod E"]
[Black "Jaufarally, Zahra"]
[Result "1-0"]
[WhiteElo "1723"]
[BlackElo "1330"]
[PlyCount "95"]
[EventDate "2016.11.27"]
[WhiteTeam "Oxford 3"]
[BlackTeam "D&D Utd"]

1. d4 Nf6 2. Bf4 g6 3. h3 Bg7 4. e3 O-O 5. Nf3 d5 6. c4 Be6 7. Qb3 b6 8. Nc3
Nc6 9. cxd5 Nxd5 10. Nxd5 Qxd5 11. Qxd5 Bxd5 12. a3 Rac8 13. Ba6 Rcd8 14. Bxc7
Rd7 15. Bf4 Nb8 16. Bb5 Bc6 17. Bxc6 Nxc6 18. Rc1 Nb8 19. Ke2 Rdd8 20. Rc7 Rc8
21. Rhc1 Rce8 22. Rxa7 Bf6 23. Bh6 Bg7 24. Bg5 Kh8 25. Bxe7 Rc8 26. Rac7 Rxc7
27. Rxc7 Re8 28. Bb4 Bf6 29. Rxf7 Bg7 30. Rb7 Nc6 31. Bc3 Rb8 32. Rxg7 Kxg7 33.
d5+ Kf7 34. dxc6 Rc8 35. a4 Kg8 36. Nd4 Kf8 37. Bb4+ Ke8 38. Bd6 Kf7 39. c7 Ke8
40. Nb5 Kd7 41. Bg3 Ke6 42. b3 Kf7 43. Nd6+ Ke6 44. Nxc8 Kf6 45. Nd6 Ke6 46.
c8=Q+ Kf6 47. Qf8+ Ke6 48. Qf7# 1-0

[Event "4NCL Division 4 South"]
[Site "Reading, ENG"]
[Date "2016.11.27"]
[Round "2.91"]
[White "Cook, John"]
[Black "Bullen, Alex"]
[Result "0-1"]
[WhiteElo "1862"]
[BlackElo "2055"]
[PlyCount "62"]
[EventDate "2016.11.27"]
[WhiteTeam "Kent Kestrels"]
[BlackTeam "West is Best 2"]

1. c4 e6 2. g3 d5 3. Nf3 Nf6 4. Bg2 Be7 5. O-O O-O 6. d4 dxc4 7. Na3 Bxa3 8.
bxa3 Nbd7 9. Qc2 Nb6 10. a4 a5 11. Ne5 Qxd4 12. Bb2 c3 13. Bxc3 Qxa4 14. Qb2
Nbd5 15. Bd4 Qb4 16. Rab1 Qxb2 17. Rxb2 b6 18. Nc6 Bd7 19. Rc1 Bxc6 20. Rxc6
Rac8 21. a3 Rfd8 22. e3 Ne8 23. Kf1 Ne7 24. Rc1 Nd6 25. Ke2 f6 26. Rbc2 c5 27.
Bb2 e5 28. Rd1 Nf7 29. Bh3 Rxd1 30. Bxc8 Rd6 31. f4 Nxc8 0-1

[Event "4NCL Division 4 South"]
[Site "Reading, ENG"]
[Date "2016.11.27"]
[Round "2.92"]
[White "Taylor, William J"]
[Black "Watson, Mikey J"]
[Result "0-1"]
[WhiteElo "2035"]
[BlackElo "1727"]
[PlyCount "108"]
[EventDate "2016.11.27"]
[WhiteTeam "West is Best 2"]
[BlackTeam "Kent Kestrels"]

1. e4 c6 2. d4 d5 3. Nd2 dxe4 4. Nxe4 Nf6 5. Nxf6+ exf6 6. Nf3 Bd6 7. Be3 Nd7
8. Bd3 Nf8 9. O-O Bg4 10. Re1 Ne6 11. h3 Bh5 12. d5 cxd5 13. Bb5+ Kf8 14. Be2
Bg6 15. c3 Kg8 16. Kh1 Be5 17. Qd2 Qd6 18. Rad1 Rd8 19. Bxa7 b6 20. Qe3 Bc2 21.
Nxe5 Bxd1 22. Nxf7 Kxf7 23. Bxd1 Rde8 24. Qxb6 Qxb6 25. Bxb6 Rb8 26. Ba5 Rxb2
27. Bb3 Nf4 28. g3 Nxh3 29. Bxd5+ Kg6 30. f3 Rb5 31. Be6 Rxa5 32. Bxh3 Rxa2 33.
Be6 Ra3 34. Re3 Rb8 35. g4 Rb2 36. Re1 Rxc3 37. Bd5 Kh6 38. Be4 Rc7 39. Rd1 Ra7
40. Bd5 Rd7 41. f4 g5 42. fxg5+ fxg5 43. Rd3 Rc7 44. Bg2 Rc1+ 45. Kh2 Rcc2 46.
Ra3 Kg7 47. Kg1 Kf6 48. Rf3+ Ke5 49. Rf5+ Kd4 50. Bf1 h6 51. Rf6 Rh2 52. Re6
Rh4 53. Be2 Rh3 54. Bf1 Rg3+ 0-1

[Event "4NCL Division 4 South"]
[Site "Reading, ENG"]
[Date "2016.11.27"]
[Round "2.93"]
[White "Watson, Jacob"]
[Black "Spencer, Douglas"]
[Result "1/2-1/2"]
[WhiteElo "1696"]
[BlackElo "1961"]
[PlyCount "84"]
[EventDate "2016.11.27"]
[WhiteTeam "Kent Kestrels"]
[BlackTeam "West is Best 2"]

1. d4 d5 2. Nf3 c6 3. g3 e6 4. Bg2 Nf6 5. Nbd2 Be7 6. b3 O-O 7. O-O c5 8. c4 b6
9. Bb2 Bb7 10. Ne5 Nc6 11. cxd5 exd5 12. Ndf3 Nxe5 13. Nxe5 Ne4 14. Rc1 Rc8 15.
Kh1 f6 16. Nd3 f5 17. Nf4 Qd7 18. f3 Nf6 19. dxc5 bxc5 20. Bxf6 Bxf6 21. e4 Bg5
22. Nxd5 Bxd5 23. f4 fxe4 24. fxg5 Rxf1+ 25. Qxf1 Qc6 26. Qe2 e3 27. Re1 Rd8
28. Kg1 Bxg2 29. Qxg2 Qxg2+ 30. Kxg2 Rd2+ 31. Kf3 Rxa2 32. Rxe3 Rxh2 33. Rc3
Rb2 34. Ke4 Kf7 35. Kf4 Ke6 36. Rxc5 Rxb3 37. Rc7 Rb4+ 38. Kf3 Rb5 39. Rxg7
Rb3+ 40. Kg2 Kf5 41. Kh3 Rb5 42. Kh4 Rb4+ 1/2-1/2

[Event "4NCL Division 4 South"]
[Site "Reading, ENG"]
[Date "2016.11.27"]
[Round "2.95"]
[White "Chidipothu, Nikhil"]
[Black "Davies, Matthew"]
[Result "0-1"]
[WhiteElo "1423"]
[BlackElo "1956"]
[PlyCount "71"]
[EventDate "2016.11.27"]
[WhiteTeam "Kent Kestrels"]
[BlackTeam "West is Best 2"]

1. e4 e6 2. d4 d5 3. exd5 exd5 4. Be3 Nf6 5. h3 Bf5 6. Bd3 Bxd3 7. Qxd3 Nc6 8.
c3 Bd6 9. Nf3 O-O 10. O-O Ne4 11. Nfd2 f5 12. Nxe4 fxe4 13. Qb5 Ne7 14. Qxb7
Rb8 15. Qxa7 Rxb2 16. Bc1 Rb6 17. Ba3 Ng6 18. Bxd6 Qxd6 19. Qa3 Qf6 20. Qc1 Nf4
21. Qe3 Qg5 22. g3 Nxh3+ 23. Kg2 Rxf2+ 24. Qxf2 Nxf2 25. Rxf2 Qc1 26. Rf1 Qb2+
27. Nd2 Qxd2+ 28. Rf2 Qxc3 29. Raf1 h6 30. Rf8+ Kh7 31. R8f7 Rg6 32. R7f3 exf3+
33. Rxf3 Qxd4 34. Rf2 Qe4+ 35. Kh3 Qg4+ 36. Kh2 0-1

[Event "4NCL Division 4 South"]
[Site "Reading, ENG"]
[Date "2016.11.27"]
[Round "2.96"]
[White "Melsom, Jonathan T"]
[Black "Dorman, Orla"]
[Result "1/2-1/2"]
[WhiteElo "1692"]
[BlackElo "1345"]
[PlyCount "115"]
[EventDate "2016.11.27"]
[WhiteTeam "West is Best 2"]
[BlackTeam "Kent Kestrels"]

1. e4 e6 2. d4 d5 3. Nc3 Nf6 4. e5 Ne4 5. Nxe4 dxe4 6. Be3 b6 7. c3 Bb7 8. h4
Nd7 9. Bc4 Bd5 10. Bb3 f6 11. Bxd5 exd5 12. f4 Qe7 13. Qb3 Qe6 14. O-O-O Be7
15. f5 Qc6 16. e6 Nb8 17. Ne2 Na6 18. Nf4 O-O-O 19. Kb1 Qc4 20. Qxc4 dxc4 21.
Rhe1 c5 22. d5 Rhg8 23. h5 Nc7 24. Bc1 Bd6 25. Rxe4 Bxf4 26. Bxf4 Nxd5 27. Kc2
Nxf4 28. Rxf4 Rxd1 29. Kxd1 Re8 30. Rxc4 g6 31. hxg6 hxg6 32. g4 gxf5 33. gxf5
Kc7 34. Ke2 Kd6 35. Rf4 Ke7 36. a4 Rh8 37. b4 Rh3 38. Rf3 Rh2+ 39. Rf2 Rh3 40.
Kd2 cxb4 41. cxb4 Ra3 42. Rf1 Rxa4 43. Kc3 Ra3+ 44. Kc4 Rg3 45. Rf4 Re3 46. Rd4
a5 47. Rd7+ Ke8 48. bxa5 bxa5 49. Rf7 a4 50. Rxf6 a3 51. Rf7 a2 52. Ra7 Re5 53.
Rxa2 Rxf5 54. Re2 Ke7 55. Re4 Ra5 56. Re1 Ra6 57. Kd5 Rd6+ 58. Kc5 1/2-1/2

[Event "4NCL Division 4 South"]
[Site "Reading, ENG"]
[Date "2016.11.27"]
[Round "2.101"]
[White "Fowler, David"]
[Black "Ng Chung Lok Andrew"]
[Result "1/2-1/2"]
[WhiteElo "1891"]
[BlackElo "1930"]
[PlyCount "89"]
[EventDate "2016.11.27"]
[WhiteTeam "CSC Hippos (3)"]
[BlackTeam "Wood Green MM 2"]

1. d4 Nf6 2. c4 c5 3. d5 e6 4. Nc3 exd5 5. cxd5 d6 6. e4 g6 7. Bd3 Bg7 8. h3
O-O 9. Nf3 Na6 10. Bxa6 bxa6 11. O-O Re8 12. Re1 Nd7 13. Bf4 Qc7 14. Qc2 Rb8
15. Rac1 a5 16. Na4 Ba6 17. b3 Bb5 18. Nb2 Bxb2 19. Qxb2 f6 20. Qc2 Ne5 21.
Bxe5 fxe5 22. Ng5 Qe7 23. h4 h6 24. Nf3 a4 25. Qd2 Kg7 26. Rc3 Ba6 27. Qe3 Rb4
28. g3 Reb8 29. Nd2 Rd4 30. Nc4 axb3 31. axb3 Bxc4 32. Rxc4 Rb4 33. Rxb4 Rxb4
34. Ra1 g5 35. hxg5 hxg5 36. Ra6 Rb6 37. Ra4 Rb4 38. Rxb4 cxb4 39. Qd2 a5 40.
Qe3 Qd8 41. Qa7+ Kg6 42. Qa6 Kg7 43. Qc6 Kf6 44. Kf1 Ke7 45. Qc1 1/2-1/2

[Event "4NCL Division 4 South"]
[Site "Reading, ENG"]
[Date "2016.11.27"]
[Round "2.102"]
[White "Dias, Savin"]
[Black "Lees, Fraser A"]
[Result "0-1"]
[WhiteElo "1810"]
[BlackElo "1854"]
[PlyCount "74"]
[EventDate "2016.11.27"]
[WhiteTeam "Wood Green MM 2"]
[BlackTeam "CSC Hippos (3)"]

1. d4 Nf6 2. Bg5 g6 3. Bxf6 exf6 4. e4 Bg7 5. c3 d6 6. Nf3 Nc6 7. Bd3 O-O 8.
O-O Bg4 9. h3 Bd7 10. Re1 Re8 11. Nbd2 Qc8 12. Nh2 Bh6 13. Ndf1 a6 14. Qf3 Bg7
15. Ne3 Rb8 16. Nhf1 b5 17. Ng3 Ne7 18. h4 c5 19. d5 c4 20. Bc2 a5 21. Qe2 Qc5
22. Red1 Rec8 23. h5 b4 24. b3 cxb3 25. cxb4 Qxb4 26. axb3 Bb5 27. Qd2 Qxd2 28.
Rxd2 f5 29. Rxa5 f4 30. hxg6 hxg6 31. Bd3 Bxd3 32. Rxd3 fxg3 33. fxg3 Be5 34.
Kf2 Rc3 35. Rxc3 Bxc3 36. Ra7 Kf8 37. Nc4 Bd4+ 0-1

[Event "4NCL Division 4 South"]
[Site "Reading, ENG"]
[Date "2016.11.27"]
[Round "2.103"]
[White "Cooke, Charlie"]
[Black "Green, Emily"]
[Result "0-1"]
[WhiteElo "1827"]
[BlackElo "1795"]
[PlyCount "65"]
[EventDate "2016.11.27"]
[WhiteTeam "CSC Hippos (3)"]
[BlackTeam "Wood Green MM 2"]

1. d4 Nf6 2. c4 c5 3. d5 e6 4. Nc3 exd5 5. cxd5 d6 6. e4 g6 7. Bd3 Bg7 8. Nf3
Bg4 9. h3 Bxf3 10. Qxf3 O-O 11. O-O a6 12. Be3 Re8 13. Rfe1 b5 14. Bg5 Nbd7 15.
Qe3 Qc7 16. Qd2 c4 17. Bf1 b4 18. Nd1 Nxe4 19. Qc1 Nb6 20. Be3 c3 21. Bxb6 Qxb6
22. bxc3 Bxc3 23. Nxc3 Qxf2+ 24. Kh1 Ng3+ 25. Kh2 Rxe1 26. Qxe1 Qxe1 27. Rxe1
Nxf1+ 28. Rxf1 bxc3 29. Rc1 Rc8 30. Kg3 Kg7 31. Kf3 c2 32. Ke3 Kf6 33. Kd3 0-1

[Event "4NCL Division 4 South"]
[Site "Reading, ENG"]
[Date "2016.11.27"]
[Round "2.104"]
[White "Ivanov, Elizabeth"]
[Black "Homolka, Vincent"]
[Result "1-0"]
[WhiteElo "1802"]
[BlackElo "1812"]
[PlyCount "59"]
[EventDate "2016.11.27"]
[WhiteTeam "Wood Green MM 2"]
[BlackTeam "CSC Hippos (3)"]

1. e4 d5 2. exd5 Qxd5 3. Nc3 Qa5 4. Bc4 Nf6 5. d4 Bg4 6. f3 Bf5 7. Nge2 e6 8.
a3 c6 9. O-O Nbd7 10. Bf4 Be7 11. Kh1 Qd8 12. Ng3 Bg6 13. Bb3 O-O 14. Qe2 Nb6
15. Rad1 Nfd5 16. Bxd5 cxd5 17. Rc1 Nc4 18. Nd1 Rc8 19. c3 Qb6 20. Rf2 Rfe8 21.
Ne3 Qxb2 22. Qxb2 Nxb2 23. Rxb2 Bxa3 24. Rbc2 Bxc2 25. Rxc2 a6 26. Nh5 Rc6 27.
Be5 Rec8 28. Bxg7 Rxc3 29. Ng4 f5 30. Nh6# 1-0

[Event "4NCL Division 4 South"]
[Site "Reading, ENG"]
[Date "2016.11.27"]
[Round "2.105"]
[White "Cresswell, Mike J"]
[Black "Lovell, William Pm"]
[Result "1/2-1/2"]
[WhiteElo "1742"]
[BlackElo "1787"]
[PlyCount "42"]
[EventDate "2016.11.27"]
[WhiteTeam "CSC Hippos (3)"]
[BlackTeam "Wood Green MM 2"]

1. e4 c6 2. d4 d5 3. Nc3 dxe4 4. Nxe4 Bf5 5. Ng3 Bg6 6. Nf3 Nd7 7. Bd3 e6 8.
Bxg6 hxg6 9. c3 Ngf6 10. Bg5 Qc7 11. Qc2 O-O-O 12. O-O-O Be7 13. Ne2 Nb6 14.
Bf4 Bd6 15. Bxd6 Qxd6 16. Ne5 Qe7 17. Nf4 Nbd7 18. Nxd7 Rxd7 19. h3 Nd5 20.
Nxd5 exd5 21. Qd2 Rd6 1/2-1/2

[Event "4NCL Division 4 South"]
[Site "Reading, ENG"]
[Date "2016.11.27"]
[Round "2.106"]
[White "Metcalfe, Charlie P"]
[Black "Weaver, Lauren"]
[Result "0-1"]
[WhiteElo "1690"]
[BlackElo "1664"]
[PlyCount "54"]
[EventDate "2016.11.27"]
[WhiteTeam "Wood Green MM 2"]
[BlackTeam "CSC Hippos (3)"]

1. d4 Nf6 2. Nf3 g6 3. c4 Bg7 4. Nc3 d6 5. e4 O-O 6. Be2 e5 7. d5 a5 8. Be3 Na6
9. O-O Nh5 10. Ng5 Nf4 11. h4 h6 12. Nf3 Bg4 13. g3 Nxe2+ 14. Qxe2 f5 15. Qd2
Bxf3 16. Bxh6 f4 17. Bg5 Qd7 18. Qd3 Qg4 19. Kh2 Nc5 20. Qc2 Nxe4 21. Nxe4 Bxe4
22. Qb3 fxg3+ 23. Qxg3 Qxg3+ 24. fxg3 Bd3 25. Rxf8+ Rxf8 26. b3 e4 27. Rd1 Rf2+
0-1

[Event "4NCL Division 4 South"]
[Site "Reading, ENG"]
[Date "2016.11.27"]
[Round "2.111"]
[White "Vallis, Luke"]
[Black "Willmoth, Robert F"]
[Result "0-1"]
[WhiteElo "1915"]
[BlackElo "2245"]
[PlyCount "72"]
[EventDate "2016.11.27"]
[WhiteTeam "Sandhurst Cadets"]
[BlackTeam "Barnet Knights 1"]

1. c4 c5 2. Nc3 Nf6 3. g3 e6 4. Bg2 Be7 5. d3 a6 6. Nf3 Nc6 7. O-O Rb8 8. Bf4
d6 9. Nd2 O-O 10. Nde4 Nxe4 11. Nxe4 f5 12. Nc3 Bd7 13. Rb1 b5 14. b3 b4 15.
Na4 Nd4 16. Nxc5 dxc5 17. Bxb8 Qxb8 18. e3 Nc6 19. d4 cxd4 20. exd4 Bf6 21. d5
Nd4 22. Qd3 exd5 23. Bxd5+ Kh8 24. Rbd1 Qd6 25. f4 Qc5 26. Rf2 Re8 27. Kf1 g6
28. Re1 Rxe1+ 29. Kxe1 Bc6 30. Bxc6 Qxc6 31. Qd1 a5 32. Kd2 Kg7 33. Kc1 a4 34.
Rd2 axb3 35. Rxd4 bxa2 36. Rd7+ Kh6 0-1

[Event "4NCL Division 4 South"]
[Site "Reading, ENG"]
[Date "2016.11.27"]
[Round "2.112"]
[White "Villiers, Thomas"]
[Black "Isaksen, Peter A"]
[Result "0-1"]
[WhiteElo "2222"]
[BlackElo "1900"]
[PlyCount "60"]
[EventDate "2016.11.27"]
[WhiteTeam "Barnet Knights 1"]
[BlackTeam "Sandhurst Cadets"]

1. d4 Nf6 2. Nf3 e6 3. Bf4 b6 4. e3 Bb7 5. Bd3 Be7 6. O-O O-O 7. h3 d5 8. Nbd2
Nbd7 9. Qe2 c5 10. c3 c4 11. Bc2 b5 12. Ne5 Nxe5 13. dxe5 Nd7 14. Rfd1 Qc7 15.
e4 Nxe5 16. exd5 Bd6 17. Ne4 Nf3+ 18. gxf3 Bxf4 19. d6 Qb6 20. Kh1 Bd5 21. Rg1
f5 22. Rad1 fxe4 23. fxe4 Bb7 24. Qg4 Rf7 25. Qxe6 Rd8 26. f3 Bc8 27. Qd5 Rxd6
28. Qh5 Rh6 29. Rd5 Rxh5 30. Rxh5 Qf2 0-1

[Event "4NCL Division 4 South"]
[Site "Reading, ENG"]
[Date "2016.11.27"]
[Round "2.113"]
[White "Kadambadi, Nikhil"]
[Black "Ethelontis, Alexandros N"]
[Result "0-1"]
[WhiteElo "1802"]
[BlackElo "2140"]
[PlyCount "40"]
[EventDate "2016.11.27"]
[WhiteTeam "Sandhurst Cadets"]
[BlackTeam "Barnet Knights 1"]

1. e4 e6 2. d4 d5 3. e5 c5 4. c3 Nc6 5. Nf3 Nh6 6. a3 f6 7. Bd3 Nf7 8. Qe2 Bd7
9. O-O c4 10. Bc2 f5 11. Nbd2 Be7 12. h3 b5 13. a4 a6 14. b3 g6 15. Nh2 b4 16.
cxb4 cxb3 17. Ndf3 bxc2 18. Qxc2 Nxb4 19. Qe2 Bc6 20. Ba3 a5 0-1

[Event "4NCL Division 4 South"]
[Site "Reading, ENG"]
[Date "2016.11.27"]
[Round "2.114"]
[White "Orgler, Philipp"]
[Black "Stoyanov, Viktor"]
[Result "1-0"]
[WhiteElo "2042"]
[BlackElo "1780"]
[PlyCount "57"]
[EventDate "2016.11.27"]
[WhiteTeam "Barnet Knights 1"]
[BlackTeam "Sandhurst Cadets"]

1. d4 Nf6 2. c4 g6 3. Nc3 Bg7 4. e4 d6 5. f4 O-O 6. Nf3 c5 7. d5 e6 8. Be2 exd5
9. cxd5 Re8 10. Nd2 Na6 11. O-O Nc7 12. a4 b6 13. Kh1 Ba6 14. Bb5 Nxb5 15. axb5
Bc8 16. Qf3 Bg4 17. Qg3 Bc8 18. f5 Nh5 19. Qh3 Be5 20. g4 Ng7 21. Nf3 h5 22.
Nxe5 Rxe5 23. Bf4 hxg4 24. Qh6 gxf5 25. Bg5 Qf8 26. Bf6 Rxe4 27. Nxe4 fxe4 28.
Rf4 Bd7 29. Rg1 1-0

[Event "4NCL Division 4 South"]
[Site "Reading, ENG"]
[Date "2016.11.27"]
[Round "2.115"]
[White "Vallis, Nicholas J"]
[Black "Pollack, Oscar"]
[Result "0-1"]
[WhiteElo "1630"]
[BlackElo "1952"]
[PlyCount "118"]
[EventDate "2016.11.27"]
[WhiteTeam "Sandhurst Cadets"]
[BlackTeam "Barnet Knights 1"]

1. c4 g6 2. Nc3 Bg7 3. g3 d6 4. Bg2 Nf6 5. Nf3 O-O 6. O-O e5 7. d3 Nc6 8. Bg5
h6 9. Bxf6 Qxf6 10. Nd5 Qd8 11. a3 Be6 12. e4 f5 13. exf5 gxf5 14. Nd2 Nd4 15.
Nb3 c5 16. Rb1 Rb8 17. Re1 b5 18. Nxd4 cxd4 19. b3 Rf7 20. Qc2 Qa5 21. Qa2 bxc4
22. bxc4 Kh7 23. Red1 Qa4 24. Re1 Rff8 25. f4 Rfc8 26. Ne7 Rxb1 27. Rxb1 Rc5
28. Qb3 Ra5 29. Nd5 Qxa3 30. h3 Qc5 31. Qb7 Qc8 32. Qb4 Ra6 33. Nf6+ Bxf6 34.
Bb7 Qg8 35. Bxa6 Qxg3+ 36. Kh1 Qxh3+ 37. Kg1 Qg3+ 38. Kh1 Qxd3 39. Qb3 Qxb3 40.
Rxb3 e4 41. Kg2 d3 42. Kf1 Bd4 43. Rb4 e3 44. Rb3 d2 45. Rd3 Bc5 46. Ke2 Bf7
47. Bb7 Bxc4 48. Bf3 d1=Q+ 49. Kxd1 Bxd3 50. Bh5 a5 51. Bg6+ Kxg6 52. Kc1 a4
53. Kb2 e2 54. Kc3 e1=Q+ 55. Kxd3 Qe3+ 56. Kc2 Bb4 57. Kb1 Qd2 58. Ka1 Bc3+ 59.
Kb1 Qb2# 0-1

[Event "4NCL Division 4 South"]
[Site "Reading, ENG"]
[Date "2016.11.27"]
[Round "2.116"]
[White "Burbidge, Duncan R"]
[Black "Thornley, Oliver"]
[Result "0-1"]
[WhiteElo "1997"]
[BlackElo "1540"]
[PlyCount "58"]
[EventDate "2016.11.27"]
[WhiteTeam "Barnet Knights 1"]
[BlackTeam "Sandhurst Cadets"]

1. e4 c6 2. d4 d5 3. exd5 cxd5 4. Bd3 Nf6 5. h3 Nc6 6. c3 e5 7. Ne2 h6 8. O-O
e4 9. Bc2 Bd6 10. Bf4 O-O 11. Na3 a6 12. Bb3 b5 13. Nc2 Ne7 14. Ne3 Be6 15. Be5
Kh7 16. Bxf6 gxf6 17. Bxd5 Nxd5 18. Qc2 f5 19. a4 Qg5 20. Nxd5 Bxd5 21. Kh1 Rg8
22. Rg1 Rae8 23. axb5 axb5 24. b3 e3 25. f3 Qh5 26. Raf1 Rg6 27. c4 Reg8 28.
Nc3 Bxf3 29. Rxf3 Qxf3 0-1

[Event "4NCL Division 4 South"]
[Site "Reading, ENG"]
[Date "2016.11.27"]
[Round "2.121"]
[White "Sezer, Steve"]
[Black "Campbell, Mark C"]
[Result "0-1"]
[WhiteElo "1480"]
[BlackElo "1943"]
[PlyCount "78"]
[EventDate "2016.11.27"]
[WhiteTeam "Barnet Knights 4"]
[BlackTeam "Cambridge University 3"]

1. d4 Nf6 2. c4 e6 3. Nc3 Bb4 4. Bg5 h6 5. Bxf6 Qxf6 6. e3 c5 7. a3 Bxc3+ 8.
bxc3 O-O 9. Nf3 b6 10. Bd3 Nc6 11. O-O Na5 12. Rb1 d6 13. Qc2 Ba6 14. Nd2 Rac8
15. d5 exd5 16. cxd5 c4 17. Be2 Nb3 18. Nxc4 Bxc4 19. Bxc4 Rxc4 20. Rxb3 Rfc8
21. Rc1 Qe5 22. Qd3 R8c5 23. f3 Qxd5 24. Rd1 Qe5 25. Rc1 d5 26. f4 Qf6 27. g3
Qc6 28. Kf2 a5 29. a4 Rxa4 30. Rcb1 Ra2+ 31. Kg1 d4 32. e4 Rxc3 33. Qxd4 Rc1+
34. Qd1 Rxd1+ 35. Rxd1 Qc2 36. Rb2 Qxb2 37. Rd8+ Kh7 38. Rh8+ Kxh8 39. h3 Qg2#
0-1

[Event "4NCL Division 4 South"]
[Site "Reading, ENG"]
[Date "2016.11.27"]
[Round "2.122"]
[White "Needham, Sabrina"]
[Black "Virin, Asaf"]
[Result "1-0"]
[WhiteElo "1930"]
[BlackElo "1345"]
[PlyCount "99"]
[EventDate "2016.11.27"]
[WhiteTeam "Cambridge University 3"]
[BlackTeam "Barnet Knights 4"]

1. c4 e5 2. Nc3 c5 3. e3 Nc6 4. Nf3 Nf6 5. Bd3 Nb4 6. Bb1 d5 7. Nxe5 d4 8. Qa4+
Bd7 9. Nxd7 Nxd7 10. a3 Nc6 11. Nd5 Nf6 12. Nxf6+ Qxf6 13. Be4 Rc8 14. O-O Bd6
15. exd4 Qh4 16. Bxc6+ Rxc6 17. Re1+ Kd8 18. g3 Qxd4 19. Qxa7 Kc7 20. Qa5+ Kb8
21. Qc3 Bc7 22. Qxd4 cxd4 23. d3 Rf6 24. b4 Rf3 25. Rd1 Re8 26. Ra2 h6 27. Rc2
g5 28. Kg2 Rf6 29. c5 Re5 30. Bb2 Rd5 31. Re1 Rc6 32. b5 Rcxc5 33. Rxc5 Rxc5
34. Re8+ Ka7 35. Bxd4 Bb6 36. Bxc5 Bxc5 37. a4 Kb6 38. f4 f6 39. Re4 h5 40.
fxg5 fxg5 41. Re5 g4 42. a5+ Kxb5 43. d4 Kxa5 44. Rxc5+ b5 45. d5 Ka4 46. d6 b4
47. d7 b3 48. d8=Q b2 49. Qb6 Ka3 50. Ra5# 1-0

[Event "4NCL Division 4 South"]
[Site "Reading, ENG"]
[Date "2016.11.27"]
[Round "2.123"]
[White "Rampley, Oscar"]
[Black "Phillips, William"]
[Result "0-1"]
[WhiteElo "1292"]
[BlackElo "1868"]
[PlyCount "68"]
[EventDate "2016.11.27"]
[WhiteTeam "Barnet Knights 4"]
[BlackTeam "Cambridge University 3"]

1. e4 d6 2. d4 Nf6 3. Nc3 g6 4. Bc4 Bg7 5. h3 c6 6. d5 b5 7. Bb3 b4 8. Nce2 c5
9. Qd3 O-O 10. Nf3 Ba6 11. Qe3 Nbd7 12. a3 c4 13. axb4 cxb3 14. Rxa6 bxc2 15.
Rxa7 Rxa7 16. Qxa7 Qb8 17. Qa4 Nxe4 18. Qxd7 Qxb4+ 19. Nd2 Bxb2 20. Qxe7 Bxc1
21. O-O Bxd2 22. Qc7 Qc5 23. Qxc5 Nxc5 24. Ra1 Nb3 25. Ra6 Nd4 26. Nxd4 c1=Q+
27. Kh2 Qc4 28. Rxd6 Bf4+ 29. g3 Bxd6 30. Nf3 Qxd5 31. h4 Qxf3 32. h5 Qxf2+ 33.
Kh1 Bxg3 34. h6 Qh2# 0-1

[Event "4NCL Division 4 South"]
[Site "Reading, ENG"]
[Date "2016.11.27"]
[Round "2.124"]
[White "Ivanov, George"]
[Black "Orgler, Lukas"]
[Result "1-0"]
[WhiteElo "1830"]
[BlackElo "1210"]
[PlyCount "77"]
[EventDate "2016.11.27"]
[WhiteTeam "Cambridge University 3"]
[BlackTeam "Barnet Knights 4"]

1. e4 e5 2. Nf3 Nf6 3. Nc3 Nc6 4. Bb5 d6 5. d3 Be7 6. O-O a6 7. Ba4 b5 8. Bb3
Bg4 9. Ne2 Bxf3 10. gxf3 Na5 11. Ng3 Nxb3 12. axb3 O-O 13. Kh1 Kh8 14. f4 Qd7
15. Rg1 exf4 16. Bxf4 Qg4 17. Qxg4 Nxg4 18. Nf5 Nxf2+ 19. Kg2 Bf6 20. Kxf2 Bxb2
21. Raf1 g6 22. Ne3 Bd4 23. Ke2 a5 24. Kd2 a4 25. bxa4 bxa4 26. c3 Bc5 27. Ra1
Rfb8 28. d4 Bb6 29. Ra2 Ra7 30. Rga1 Rba8 31. Nd5 Kg7 32. Nxb6 cxb6 33. Bxd6 b5
34. Rb1 Rb7 35. Bb4 Re8 36. Kd3 g5 37. d5 g4 38. Rg1 h5 39. h3 1-0